000 00464nam a2200169Ia 4500
003 SISC
005 20160301155017.0
008 140130s9999 xx 000 0 und d
050 _aQ 163
_b.H616 1998
100 _aHirschfeld, Robert
_930552
245 _a101 ways to boost your science skills /
_cHirschfeld, Robert
260 _bScholastic,
_c1998
_aNew York :
300 _a94 p. :
_bill. ;
_c18 cm.
440 _v1
_930553
942 _cBK
_2lcc
999 _c42316
_d42316